Biological pest control / (Record no. 14255)
[ view plain ]
| 000 -LEADER | |
|---|---|
| fixed length control field | 00819nam a22002537a 4500 |
| 001 - CONTROL NUMBER | |
| control field | 14255 |
| 003 - CONTROL NUMBER IDENTIFIER | |
| rucl marc code | BD-RjUL |
| 005 - DATE AND TIME OF LATEST TRANSACTION | |
| control field | 20211208235609.0 |
| 008 - FIXED-LENGTH DATA ELEMENTS--GENERAL INFORMATION | |
| fixed length control field | 140205s2000 ii a|||| b||| 001 0 eng d |
| 020 ## - INTERNATIONAL STANDARD BOOK NUMBER | |
| International Standard Book Number | 8170352258 |
| 035 ## - SYSTEM CONTROL NUMBER | |
| System control number | (BD-RjUL)14307 |
| -- | (OCoLC)51795975 |
| 040 ## - CATALOGING SOURCE | |
| Original cataloging agency | BD-RjUL |
| Language of cataloging | eng |
| Transcribing agency | BD-RjUL |
| 041 ## - LANGUAGE CODE | |
| Language code of text/sound track or separate title | eng |
| 082 04 - DEWEY DECIMAL CLASSIFICATION NUMBER | |
| Edition number | 23 |
| Classification number | 632.960284 |
| Author mark and year | SAB 2000 |
| 100 1# - MAIN ENTRY--PERSONAL NAME | |
| Personal name | Sathe, T. V. |
| 9 (RLIN) | 44530 |
| 245 1# - TITLE STATEMENT | |
| Title | Biological pest control / |
| Statement of responsibility, etc. | T V Sathe, P M Bhoje |
| 260 ## - PUBLICATION, DISTRIBUTION, ETC. (IMPRINT) | |
| Place of publication, distribution, etc. | Delhi : |
| Name of publisher, distributor, etc. | Daya Pub., |
| Date of publication, distribution, etc. | c2000. |
| 300 ## - PHYSICAL DESCRIPTION | |
| Pagination | iii, 120 p. : |
| Illustrations | ill. ; |
| Size | 22 cm. |
| 504 ## - BIBLIOGRAPHY, ETC. NOTE | |
| Bibliography, etc | Include bibliography and index. |
| 650 ## - SUBJECT ADDED ENTRY--TOPICAL TERM | |
| Topical term or geographic name as entry element | Pests -- Biological control. |
| 9 (RLIN) | 44531 |
| 700 ## - ADDED ENTRY--PERSONAL NAME | |
| Personal name | Bhoje, P. M. |
| 856 ## - ELECTRONIC LOCATION AND ACCESS | |
| Materials specified | WorldCat |
| Uniform Resource Identifier | <a href="http://www.worldcat.org/title/biological-pest-control/oclc/51795975&referer=brief_results">http://www.worldcat.org/title/biological-pest-control/oclc/51795975&referer=brief_results</a> |
| 942 ## - ADDED ENTRY ELEMENTS (KOHA) | |
| Source of classification or shelving scheme | Dewey Decimal Classification |
| Koha item type | Books |
| Lost status | Source of classification or shelving scheme | Damaged status | Not for loan | Collection code | Permanent Location | Current Location | Shelving location | Date acquired | Source of acquisition | Cost, normal purchase price | Total Checkouts | Full call number | Date last seen | Copy number | Koha item type |
|---|---|---|---|---|---|---|---|---|---|---|---|---|---|---|---|
| Dewey Decimal Classification | Non-fiction | Central Library, University of Rajshahi | Central Library, University of Rajshahi | 30/10/2002 | Paragon Enterprise | 275.00 | 632.960284 SAB 2000 | 05/02/2014 | C-7 | Books | |||||
| Dewey Decimal Classification | Non-fiction | Central Library, University of Rajshahi | Central Library, University of Rajshahi | 30/10/2002 | Dhaka, Paragon Enterprises Ltd | 275.00 | 632.960284 SAB 2000 | 06/02/2014 | C-6 | Books | |||||
| Dewey Decimal Classification | Non-fiction | Central Library, University of Rajshahi | Central Library, University of Rajshahi | 30/10/2002 | Dhaka, paragon enterprizes ltd | 275.00 | 632.960284 SAB 2000 | 31/03/2014 | C-3 | Books | |||||
| Dewey Decimal Classification | Not For Loan | Non-fiction | Central Library, University of Rajshahi | Central Library, University of Rajshahi | Reading Room | 07/08/2002 | Dhaka paragon enterprise ltd. | 120.00 | 632.960284 SAB 2000 | 19/03/2017 | C-1 | Books | |||
| Dewey Decimal Classification | Non-fiction | Central Library, University of Rajshahi | Central Library, University of Rajshahi | 30/10/2002 | Paragone. Dhaka | 275.00 | 632.960284 SAB 2000 | 06/06/2017 | C-2 | Books | |||||
| Dewey Decimal Classification | Non-fiction | Central Library, University of Rajshahi | Central Library, University of Rajshahi | 30/10/2002 | Paragone. Dhaka | 275.00 | 632.960284 SAB 2000 | 06/06/2017 | C-4 | Books | |||||
| Dewey Decimal Classification | Non-fiction | Central Library, University of Rajshahi | Central Library, University of Rajshahi | 30/10/2002 | Paragone. Dhaka | 275.00 | 632.960284 SAB 2000 | 06/06/2017 | C-5 | Books | |||||
| Dewey Decimal Classification | Non-fiction | Central Library, University of Rajshahi | Central Library, University of Rajshahi | 30/10/2002 | Paragone. Dhaka | 275.00 | 632.960284 SAB 2000 | 06/06/2017 | C-8 | Books | |||||
| Dewey Decimal Classification | Non-fiction | Central Library, University of Rajshahi | Central Library, University of Rajshahi | 30/10/2002 | Paragone. Dhaka | 275.00 | 632.960284 SAB 2000 | 06/06/2017 | C-9 | Books | |||||
| Dewey Decimal Classification | Non-fiction | Central Library, University of Rajshahi | Central Library, University of Rajshahi | 07/08/2002 | Dhaka : Paragon Interprisees | 275.00 | 632.960284 SAB 2000 | 14/11/2018 | C-10 | Books |